00411nam a2200109Ia 4500008004100000050002400041100002100065245007400086260008600160300002800246521002700274140724s9999 xx 000 0 und d aQA 76.5b.M856 2011 aMorikage, Marie. aWeb-based reservation system for Seryna Restaurant /cMarie Morikage. aLas Piñas, Philippines :bSouthville International School and Colleges,cc2011. a42 p. :bill. ;c28 cm. aInformation Technology